000 00380nam a2200145 4500
005 20260421103026.0
020 _a9798893650242
082 _a591.525
_bFER.P
084 _2Colon Classification
100 _aFerguson, Brendan
_912341
245 _aPhysiology and ecology of animal migration
260 _aNew York:
_bMurphy & Moore;
_c2025.
300 _a229p.
942 _2ddc
_cBK
999 _c758791
_d758791